Estatísticas para 500 Palavras Mais Usadas em Inglês

Clique aqui para jogar o quiz

Estatísticas Gerais

  • Esse quiz foi jogado 123 vezes
  • A pontuação média é 127 de 500

Estatísticas das Respostas

PortuguêsInglês% Correto
o, a, os, asthe
95%
eand
86%
éis
82%
em, dentroin
80%
vocêyou
80%
euI
79%
parato
77%
elehe
77%
são, estãoare
71%
comwith
71%
elashe
70%
seuyour
70%
nóswe
70%
um, umaa
70%
era, estavawas
70%
homemman
68%
deof
68%
quentehot
66%
nomename
66%
elesthey
66%
umone
66%
anoyear
66%
palavraword
66%
novonew
64%
águawater
64%
todoall
64%
nãono
64%
quandowhen
64%
masbut
64%
terhave
64%
ouor
64%
númeronumber
64%
diaday
63%
tempo, horatime
63%
usaruse
63%
nossoour
63%
por, parafor
63%
bomgood
63%
escreverwrite
63%
foraout
63%
pessoas, povopeople
63%
estethis
63%
outroother
61%
primeirofirst
61%
agoranow
61%
o-quewhat
61%
meumy
59%
seif
59%
fazer, mesmodo
59%
como, gostarlike
59%
dois, duastwo
59%
ser, estarbe
59%
trêsthree
59%
there
59%
pode, latacan
59%
partepart
59%
que, aquelethat
59%
algumsome
57%
lugarplace
57%
viver, vivolive
57%
ondewhere
57%
versee
57%
velhoold
57%
irgo
57%
trabalhowork
55%
dargive
55%
somsound
55%
mostrarshow
55%
ajudarhelp
55%
garotoboy
55%
saberknow
54%
dizersay
54%
me, eume
54%
encontrarfind
54%
chamarcall
54%
coisathing
52%
antesbefore
52%
arair
52%
fim, finalizarend
52%
mãohand
52%
tinhahad
52%
como, quãohow
52%
dissesaid
52%
delaher
52%
maismore
52%
fazermake
52%
longolong
52%
quererwant
50%
pensarthink
50%
olharlook
50%
tambémtoo
50%
caminho, jeitoway
50%
para-cimaup
50%
ladoside
50%
vircome
48%
ótimo, excelente, grandegreat
48%
emon
48%
poderiacould
48%
linha, filaline
48%
apósafter
48%
justo, sójust
48%
maio, podemay
48%
direitoright
48%
eram, esavamwere
48%
forma, formulárioform
45%
casahome
45%
pequeno, poucolittle
45%
muitosmany
45%
ler, lidoread
45%
homensmen
45%
aquihere
43%
temhas
43%
causacause
43%
animalanimal
43%
casahouse
43%
um, umaan
41%
muitomuch
41%
leve, luzlight
41%
mundoworld
41%
adicionaradd
41%
pequenosmall
41%
mãemother
39%
grandebig
39%
seguirfollow
39%
precisarneed
39%
qualquerany
39%
cadaeach
39%
tentartry
38%
pegartake
38%
assim, tãoso
38%
mudarchange
38%
brancowhite
38%
atrás, costasback
38%
delehim
38%
pedir, perguntarask
36%
criançaschildren
36%
qualwhich
36%
andarwalk
36%
estesthese
36%
paifather
36%
por-quewhy
34%
escolaschool
34%
de-novoagain
34%
páginapage
34%
papelpaper
34%
paíscountry
34%
abertoopen
34%
movimentomove
34%
somenteonly
34%
sentençasentence
34%
quatrofour
32%
pontopoint
32%
entãothen
32%
cabeçahead
32%
músicamusic
32%
esteit
32%
livrobook
32%
olhoeye
32%
juntostogether
32%
carrocar
30%
amigofriend
30%
fez, mesmodid
30%
solsun
30%
nuncanever
30%
bem, poçowell
30%
por, desligadooff
30%
respostaanswer
30%
exemploexample
30%
sobre, quaseabout
30%
grupogroup
29%
estudostudy
29%
terraearth
29%
construirbuild
29%
último, durarlast
29%
cidadecity
29%
letra, cartaletter
29%
aprenderlearn
29%
estadostate
29%
rioriver
29%
comidafood
29%
pésfeet
29%
defrom
29%
segundosecond
29%
mesmosame
29%
comereat
29%
sobunder
29%
árvoretree
27%
próximonext
27%
famíliafamily
27%
crescergrow
27%
cavalohorse
27%
portoport
27%
peixe, pescarfish
25%
deveriashould
25%
vermelhored
25%
ciênciascience
25%
meio, significarmean
25%
cachorrodog
25%
começarbegin
25%
cômodo, quartoroom
25%
como, enquantoas
25%
assistir, relógiowatch
25%
milhamile
25%
semprealways
25%
portadoor
25%
vai, vontadewill
23%
montanhamountain
23%
reiking
23%
pássarobird
23%
pertonear
23%
emat
23%
pararstop
23%
ambosboth
23%
jovemyoung
23%
entrebetween
23%
idéiaidea
23%
cor, colorircolor
23%
delesthem
23%
negroblack
23%
nosus
23%
cuidadocare
23%
cançãosong
23%
sulsouth
23%
madeirawood
21%
garotagirl
21%
rostoface
21%
basebase
21%
cortarcut
21%
corpobody
21%
marsea
21%
fazendafarm
21%
ato, agiract
21%
fogo, incêndio, despedirfire
21%
tornar, vezturn
21%
redondo, rodadaround
21%
cincofive
21%
através-dethrough
21%
terraland
21%
espaçospace
21%
vidalife
20%
planta, fábricaplant
20%
seuhis
20%
carregarcarry
20%
uma-vezonce
20%
produtoproduct
20%
cemhundred
20%
realreal
20%
noitenight
20%
ventowind
20%
questão, perguntaquestion
20%
baixolow
20%
peça, tocarplay
20%
longefar
20%
problemaproblem
20%
baixodown
18%
sido, estadobeen
18%
foto, filmepicture
18%
começarstart
18%
soletrar, encantospell
18%
horahour
18%
dinheiromoney
18%
altohigh
18%
amor, amarlove
18%
contartell
18%
listalist
18%
atéuntil
18%
conversartalk
18%
marcarmark
18%
seustheir
18%
curtoshort
18%
correrrun
18%
esquerda, deixadoleft
18%
classeclass
18%
acontecerhappen
18%
encontrado, fundarfound
18%
guerrawar
18%
roque, rocharock
18%
durohard
18%
sentir, sentimendofeel
18%
nortenorth
18%
peça, pedaçopiece
18%
aquelesthose
18%
áreaarea
18%
guardarkeep
18%
muito, absolutovery
16%
completocomplete
16%
tardelate
16%
deixarleave
16%
tambémalso
16%
usual, comumusual
16%
seissix
16%
oestewest
16%
viu, serrasaw
16%
fecharclose
16%
melhorbetter
16%
passarpass
16%
VERDADEIROtrue
16%
metadehalf
16%
sobre, acima-deover
16%
dezten
16%
manhãmorning
16%
mapamap
16%
por, emby
16%
cobrircover
16%
melhorbest
16%
pensamento, pensadothought
16%
devermust
16%
lembrarremember
14%
desdesince
14%
numeralnumeral
14%
simplessimple
14%
viajartravel
14%
verboverb
14%
choro, chorarcry
14%
pessoaperson
14%
centrocenter
14%
permanecer, de-pé, bancastand
14%
friocold
14%
parecerseem
14%
rápidofast
14%
chuvarain
14%
ouvirhear
14%
feitomade
14%
porput
14%
prontoready
14%
ordem, pedidoorder
13%
estrelastar
13%
deveriawould
13%
diferirdiffer
13%
mesa, tabelatable
13%
cedoearly
13%
próprioown
13%
cantarsing
13%
deixarlet
13%
devagarslow
13%
voar, moscafly
13%
navio, embarcarship
13%
vozvoice
13%
pressão, imprensapress
13%
principalmain
13%
estradaroad
11%
logosoon
11%
ouvirlisten
11%
acimaabove
11%
plano, simplesplain
11%
diretodirect
11%
verdegreen
11%
corretocorrect
11%
cair, queda, outonofall
11%
menosless
11%
escurodark
11%
bom, tipokind
11%
cruz, cruzarcross
11%
poder, forçapower
11%
unidadeunit
11%
planoplan
11%
régua, regrarule
11%
figura, imaginarfigure
9%
minutominute
9%
livre, grátisfree
9%
contraagainst
9%
máquinamachine
9%
semanaweek
9%
ensinarteach
9%
esperarwait
9%
caixabox
9%
puxarpull
9%
medidameasure
9%
grandelarge
9%
ficadogot
9%
foiwent
9%
duranteduring
9%
chegadocame
9%
nãodon't
9%
topo, principaltop
9%
sabidoknew
9%
próprio, egoself
9%
faz, mesmodoes
9%
finalfinal
7%
muitas-vezesoften
7%
facilitarease
7%
enquantowhile
7%
governargovern
7%
cadaevery
7%
mesmoeven
7%
resto, descansorest
7%
quewho
7%
visãosight
7%
começadobegan
7%
certosure
7%
especialspecial
7%
terra, amoladoground
7%
azulblue
7%
ouvidoheard
7%
paratoward
7%
mente, importar-semind
7%
fortestrong
7%
posiçãopose
7%
oceanoocean
7%
sempre, jáever
7%
bastanteenough
7%
mais, maiormost
7%
óoh
5%
atrásbehind
5%
nadanothing
5%
frentefront
5%
direção, dirigirdrive
5%
belezabeauty
5%
cheiofull
5%
interesse, jurosinterest
5%
alcançarreach
5%
certocertain
5%
váriosseveral
5%
municipaltown
5%
bom, excelentefine
5%
passostep
5%
estória, andar(prédio)story
5%
polegadainch
4%
quentewarm
4%
fatofact
4%
ruastreet
4%
entreamong
4%
multiplicarmultiply
4%
servirserve
4%
anotarnote
4%
objetoobject
4%
ourogold
4%
jogogame
4%
simyes
4%
lesteeast
4%
rápidoquick
4%
ficarstay
4%
ficarget
4%
capazable
4%
avisonotice
4%
quethan
4%
campofield
4%
pegotook
2%
luamoon
2%
ilhaisland
2%
sistemasystem
2%
ocupadobusy
2%
testetest
2%
recorde, gravar, registrorecord
2%
aviãoplane
2%
barcoboat
2%
poder, poderiamight
2%
calorheat
2%
nevesnow
2%
trazerbring
2%
distantedistant
2%
pintarpaint
2%
língualanguage
2%
profundodeep
2%
foot
2%
até, calmostill
2%
claroclear
2%
aparecerappear
2%
algunsfew
2%
desenvolverdevelop
2%
apesar-dethough
2%
inteirowhole
2%
arrastar, empatedraw
2%
contadotold
2%
vogalvowel
2%
rabotail
2%
cheque, checagemcheck
0%
deitar, amadorlay
0%
formashape
0%
equacionarequate
0%
padrãopattern
0%
sentir, senhoritamiss
0%
trazidobrought
0%
atrásago
0%
conjunto, fixarset
0%
pneu, cansartire
0%
levar, chumbolead
0%
encherfill
0%
corridoran
0%
cursocourse
0%
milthousand
0%
feitodone
0%
substantivonoun
0%
força, forçarforce
0%
guardarhold
0%
talsuch
0%
decidirdecide
0%
superficiesurface
0%
librapound
0%
dadogave
0%
rirlaugh
0%
permanecidostood
0%
produçãoproduce
0%
contercontain
0%
comumcommon
0%
possívelpossible
0%
localstead
0%
rodawheel
0%
admirarwonder
0%
secodry
0%

Distribuição das Pontuações

Percentil de Números Respondidos

Porcentagem de Pessoas com Cada Pontuação

Sua Pontuação Histórica

Você não jogou esse quiz